| 000 | 01079nam a2200289Ia 4500 | ||
|---|---|---|---|
| 003 | OSt | ||
| 005 | 20221005110550.0 | ||
| 006 | a|||||r|||| 00| 0 | ||
| 007 | ta | ||
| 008 | 221004b |||||||| |||| 00| 0 hin d | ||
| 020 |
_a9789326354509 (hbk) _cINR 150.00 |
||
| 024 | _a37525 | ||
| 037 |
_bBW/1692, 15/03/2018, Bookwell _cTextual |
||
| 040 |
_aCRL _cCRL _bhin |
||
| 041 |
_2hin _ahin |
||
| 082 | _aO152,3N55x, Q6 | ||
| 100 | _aभटनागर, हरि, ले. | ||
| 245 | 0 | _aऑंख का नाम रोटी | |
| 246 | _aऑankha kā nām roṭī | ||
| 260 |
_aनई दिल्ली _bभारतीय ज्ञानपीठ भारत _c2016 |
||
| 300 |
_a95पृ0 _ccm. |
||
| 490 | _aलोकोदय ग्रन्थमाला; ग्रन्थांक 1276 | ||
| 650 | _a हिन्दी साहित्य | ||
| 650 | _aहिन्दी कहानी | ||
| 942 |
_hO152,3N55x, Q6 _cTEXL _2cc |
||
| 999 |
_c1019221 _d1019221 |
||